000 01756nam a22003857a 4500
003 OSt
005 20230424095713.0
008 221006b |||||||| |||| 00| 0 eng d
040 _cBiblioteca Lado V
082 _a792.05
_bG143e
100 _9812
_aGainza, Gaston
_eeditor
245 _aEscena/
_bRevista de las Artes/
260 _bUniversidad de Costa Rica
_bVicerrectoria de acción social
_c2009
_aCosta Rica
300 _c21x28cm
_a130p.
490 _v2009
_v32
_x1409 2522
_a64
505 _tEditorial
505 _tArquitectura y Urbanismo
_aLa descentralización vanguardista
505 _tArtes Escenicas
_aCAOSMOS Dramaturgia costarricense contemporanea emergente
505 _tArtes Musicales
_aBebop y Charlie Parker: Revolución y Evolución El pensamiento del músico Gaspar Agüero Barreras
505 _tArtes Visuales
_aManifiestos Subyacentes de la obra
505 _tProducción Audiovisual
_aLa otra producción Visual de Bigas Luna
505 _tSeccion Rescate
_aMensaje de Arte
505 _tSemiotica
_aLos simpson como Sensibilidad y Concepto Somos simples decidores de palabras...
505 _tTeatro
_aAyleen y Hussein
650 _2Tesauro de Arte & Arquitectura
_aARTE
_9703
650 _2Tesauro de Arte & Arquitectura
_aHISTORIA
650 _2Tesauro de Arte & Arquitectura
_aARTE COSTARRICENSE
650 _2Tesauro de Arte & Arquitectura
_aCULTURA
650 _2Tesauro de Arte & Arquitectura
_aARTE LATINOAMERICANO
650 _2Tesauro de Arte & Arquitectura
_aTEORIA
650 _2Tesauro de Arte & Arquitectura
_aCRITICA
650 _2Tesauro de Arte & Arquitectura
_aTEATRO
650 _2Tesauro de Arte & Arquitectura
_aCOSTA RICA
942 _2ddc
_c1
_h792.05
_iG143e
_n0
999 _c3454
_d3454